000 01335nam a2200385 a 4500
001 22970
003 SK-KTurca
005 20260513092523.0
008 250414s1993 xo slo
015 _aSNBA1993/11
020 _a8071180971
035 _aSNK000016077
035 _aurn:nbn:sk:snk-amlh1o
035 _aurn:nbn:sk:snk-am00bo9d
035 _a08A7AE4A-8D5F-4A92-A16F-D537BEDD9A8F
040 _aSNK
_bslo
_cSNK
_eAACR2
041 0 _aslo
044 _axo
_cSK
080 _a796.41.035(035)
_21981
080 _a615.825
_21981
100 1 _aPinckney, Callan
_4aut
245 1 0 _aKalanetika
_bVynikajúci cvičebný program na spevnenie svalov : Rýchla a spoľahlivá metóda na získanie peknej a pevnej postavy
_cCallan Pinckney ; Aut. Sallie Batson ; Prekl. Taťjana Augstenová ; Graf. upr. Renáta Hrabušická ; Fotogr. Gary Moody
250 _a[1. vyd.]
260 _aBratislava
_bIkar
_c1993
_eBratislava
_fSvornosť, spol. s r.o.
300 _a192 s., 15,94 AH, 16,15 VH
_c28 cm
366 _e117 Sk
655 7 _apríručky
_2SNK
700 1 _aBatson, Sallie
_4aut
700 1 _aAugstenová, Taťjana
_4trl
700 1 _aHrabušická, Renáta
_4ill
700 1 _aMoody, Gary
_4pht
942 _2ddc
_cOLDO
_n0
999 _c22970
_d22970